[Event "Windsor NAYCC U12"]
[Site "Windsor"]
[Date "2016.08.10"]
[Round "6.105"]
[White "Wang, Kevin"]
[Black "Dong, Leo"]
[Result "1-0"]
[WhiteElo "1158"]
[BlackElo "784"]
[PlyCount "73"]
[EventDate "2016.08.07"]
[EventType "swiss"]
[EventRounds "9"]
[EventCountry "CAN"]
[SourceTitle "EXT 2022"]
[Source "ChessBase"]
[SourceDate "2021.10.06"]
[SourceVersion "1"]
[SourceVersionDate "2021.10.06"]
[SourceQuality "1"]

1. d4 Nf6 2. c4 c5 3. d5 b5 4. cxb5 a6 5. bxa6 Bxa6 6. g3 g6 7. Bg2 d6 8. Nf3 Bg7 9. Nc3 0-0 10. 0-0 Nbd7 11. Re1 Bb7 12. e4 Re8 13. Bf4 Ra6 14. a3 e6 15. Nb5 e5 16. Bc1 Nb6 17. Nc3 Qd7 18. Bf1 Ra5 19. Qb3 Na4 20. Nxa4 Rxa4 21. Bb5 c4 22. Bxd7 cxb3 23. Bxa4 Rb8 24. Bxb3 Bc8 25. Bc4 Ra8 26. b4 Bg4 27. Kg2 Rc8 28. Be2 Rc3 29. b5 Nd7 30. Be3 Rb3 31. a4 Bf6 32. b6 Nxb6 33. Bxb6 Rxb6 34. a5 Rb7 35. a6 Ra7 36. Reb1 Bc8 37. Rb8 1-0

[Event "Windsor NAYCC U12"]
[Site "Windsor"]
[Date "2016.08.08"]
[Round "3.105"]
[White "Dong, Leo"]
[Black "Yeung, Wesley"]
[Result "0-1"]
[WhiteElo "784"]
[BlackElo "1515"]
[PlyCount "78"]
[EventDate "2016.08.07"]
[EventType "swiss"]
[EventRounds "9"]
[EventCountry "CAN"]
[SourceTitle "EXT 2022"]
[Source "ChessBase"]
[SourceDate "2021.10.06"]
[SourceVersion "1"]
[SourceVersionDate "2021.10.06"]
[SourceQuality "1"]

1. Nf3 Nf6 2. c4 g6 3. Nc3 Bg7 4. g3 d5 5. Bg2 Nc6 6. cxd5 Nxd5 7. Nxd5 Qxd5 8. 0-0 0-0 9. d4 Nxd4 10. Nxd4 Qxd4 11. Qc2 c6 12. Rd1 Qf6 13. Be3 Bf5 14. Qb3 Qxb2 15. Rab1 Qxb3 16. Rxb3 Bc2 17. Rd7 Bxb3 18. axb3 Rfd8 19. Rxe7 Rd1+ 20. Bf1 b5 21. Bxa7 Bf6 22. Rc7 Bd8 23. Rb7 Rb1 24. Bb6 Bxb6 25. Rxb6 Raa1 26. Rxc6 Rxf1+ 27. Kg2 Rg1+ 28. Kf3 Ra3 29. Rc3 Rb1 30. Rc8+ Kg7 31. e3 Rbxb3 32. Rb8 Rb1 33. Ke2 Ra2+ 34. Kd3 Rxf2 35. h4 b4 36. Kc4 b3 37. Kc3 Rc1+ 38. Kxb3 Rb1+ 39. Ka3 Rxb8 0-1